| 000 | 01033cab a2200301 4500 | ||
|---|---|---|---|
| 001 | ABS56455 | ||
| 008 | 090401t1997 xxu||||| |||| 00| 0 eng d | ||
| 035 | _a(Sirsi) u23728 | ||
| 041 | _aeng | ||
| 100 | _aReynolds, P. | ||
| 245 | _aShopping around for better deals | ||
| 260 | _c1997 | ||
| 350 | _a0 | ||
| 490 |
_aContract Journal _v387(6109) 22 January 1997, 20-21(2) |
||
| 520 | _aConsiders how retailers are spending more and demanding faster, cheaper buildings. Looks at the factors influencing future space requirements, and reviews how changes in planning policy are affecting town centre and out-of- town developments. | ||
| 650 | _aBUILDINGS | ||
| 650 | _aCONSTRUCTION MARKET | ||
| 650 | _aOUT-OF-TOWN RETAILING | ||
| 650 | _aPLANNING POLICY | ||
| 650 | _aPLANNING POLICY GUIDANCE NOTE SIX | ||
| 650 | _aRETAIL DEVELOPMENT | ||
| 650 | _aRETAIL SPACE | ||
| 650 | _aRETAILERS | ||
| 650 | _aTOWN CENTRES | ||
| 690 | _aPROPERTY-COMMERCIAL PROPERTY-RETAIL PROPERTY | ||
| 942 | _n0 | ||
| 948 | _c04/03/1997 | ||
| 999 |
_c15885 _d15885 |
||